00656nam a2200217Ia 450000500170000000800410001704000190005804100120007708200180008910000220010724500730012926000400020230000140024250400190025665000140027565100100028985000100029994200070030999900160031695201060033220240227115553.0131103s9999 xx 000 0 und d aLoreto College aEnglish a370.954 bSAX aSaxena,Shakuntala aSociological Perspectives in Indian Education, cShakuntala Saxena aDelhibAshajanak Publicationsc1975 ax,248 p.  aIncludes index aEducation aIndia aLCLIB cBK c9210d59689 00102ddc4070aMAINbMAINd2013-11-04l0o370.954 SAX 22701pB9086r2013-11-04w2013-11-04yBKf